| 000 | 01988nam a2200253Ii 4500 | ||
|---|---|---|---|
| 008 | 221202s xx 000 0 und d | ||
| 100 | 1 |
_aSpies, Marijke, _eauthor |
|
| 245 | 0 | _aRhetoric, Rhetoricians and Poets | |
| 246 | _aStudies in Renaissance Poetry and Poetics | ||
| 264 |
_bAmsterdam University Press _c1999 |
||
| 300 | _a1 online resource (173 pages) | ||
| 336 |
_atext _btxt _2rdacontent |
||
| 337 |
_acomputer _bc _2rdamedia |
||
| 338 |
_aonline resource _bcr _2rdacarrier |
||
| 520 | _aThe Netherlandish rhetoricians of the sixteenth century have, in the course of the last decades, shed their image of third-rate poets who, lacking all sense of true beauty, were capable only of pompous verbosity and a shallow manipulation of form. The new scholarly assessment has also shed light on the role they played in the cultural and literary life of their time, and it now appears that many of their dramas are well worth staging. Once the sixteenth century was freed from the stigma of being the preparatory phase for the Golden Age, the way was clear for thorough studies of the literature produced during the most turbulent period in the history of the Low Countries. This volume contains essays which deal with works written not only in Dutch, but also in French and in New Latin, with topics ranging from the effects of poetic principles on literary practice to the use of poetry as a means for improving society and developing the individual. The unifying thread in these studies is the pivotal importance of rhetoric in all forms of literary expression. | ||
| 653 | _aCulture And History | ||
| 653 | _aCultuur And Geschiedenis | ||
| 653 | _aDutch And Flemish Literature | ||
| 653 | _aNederlandse En Vlaamse Literatuur | ||
| 700 | 1 | _aDuits, Henk | |
| 700 | 1 | _avan Strien, Ton | |
| 856 |
_uhttps://docs.google.com/spreadsheets/d/1yKIrdCPDAG_9c22mwoOIO2DOhtj65Wqa/edit?usp=sharing&ouid=106555315294820607512&rtpof=true&sd=true _yList of Curated E-Books |
||
| 942 | _cE-BOOK | ||
| 999 |
_c96281 _d96278 |
||